| 000 | 00471cam a22001337a 4500 | ||
|---|---|---|---|
| 008 | 180718b1986 xxu||||| |||| 00| 0 eng d | ||
| 082 | _aY26x5444 G443 | ||
| 100 | _aGiriappa, S. | ||
| 245 |
_aEnergy environment in agriculture: a study of developed and devloping systems _cby S. Giriappa |
||
| 260 |
_aDelhi _bAshish _c1986 |
||
| 300 | _a92p. | ||
| 500 | _aPublished for Insititute for Social and Economic Change,Bangalore | ||
| 650 | _aEnergy resources - India - Karanataka | ||
| 999 |
_c345467 _d345467 |
||